Процессы обогащения ильменитовых руд из Вьетнама: автореферат диссертации на соискание ученой степени кандидата технических наук; спец. 2.6.8

Dettagli Bibliografici
Autore principale: Ле Хай Шон
Ente Autore: Национальный исследовательский Томский политехнический университет Инженерная школа ядерных технологий Отделение ядерно-топливного цикла
Altri autori: Карелин В. А. Владимир Александрович (научный руководитель)
Riassunto:Заглавие с титульного экрана
Электронная версия печатной публикации
Защита сост. 17.02.2023
Lingua:russo
Pubblicazione: Томск, 2023
Soggetti:
Accesso online:http://earchive.tpu.ru/handle/11683/74202
Natura: MixedMaterials Elettronico Libro
KOHA link:https://koha.lib.tpu.ru/cgi-bin/koha/opac-detail.pl?biblionumber=372699

MARC

LEADER 00000nlm0a2200000 4500
001 372699
005 20250415063331.0
035 |a (RuTPU)RU\TPU\retro\30124 
035 |a RU\TPU\retro\29883 
090 |a 372699 
100 |a 20221215d2023 k y0rusy50 ca 
101 0 |a rus 
102 |a RU 
105 |a a dm 000zy 
135 |a drgn ---uucaa 
181 0 |a i  
182 0 |a b 
200 1 |a Процессы обогащения ильменитовых руд из Вьетнама  |e автореферат диссертации на соискание ученой степени кандидата технических наук  |e спец. 2.6.8  |f Ле Хай Шон  |g Национальный исследовательский Томский политехнический университет ; науч. рук. В. А. Карелин 
203 |a Текст  |c электронный 
210 |a Томск  |d 2023 
215 |a 1 файл (1 030 КБ) 
300 |a Заглавие с титульного экрана 
300 |a Электронная версия печатной публикации 
300 |a Защита сост. 17.02.2023 
452 1 |0 (RuTPU)RU\TPU\retro\34587  |t Процессы обогащения ильменитовых руд из Вьетнама  |o автореферат диссертации на соискание ученой степени кандидата технических наук  |o спец. 2.6.8  |f Ле Хай Шон  |g Национальный исследовательский Томский политехнический университет ; науч. рук. В. А. Карелин  |c Томск  |d 2023  |p 22 с. 
606 1 |a Руды  |x Обогащение  |2 stltpush  |3 (RuTPU)RU\TPU\subj\26130  |9 50128 
610 1 |a электронный ресурс 
610 1 |a авторефераты диссертаций 
610 1 |a труды учёных ТПУ 
610 1 |a обогащение 
610 1 |a ильменитовые руды 
610 1 |a Вьетнам 
610 1 |a титановые руды 
610 1 |a электростатическая сепарация 
610 1 |a флотация 
610 1 |a магнитная сепарация 
610 1 |a добавки 
610 1 |a ингибиторы 
610 1 |a технологические схемы 
610 1 |a химический состав 
610 1 |a минералогический состав 
610 1 |a примеси 
675 |a 622.7:622.34(04)  |v 4 
686 |a 05.17.02  |2 oksvnk 
700 0 |a Ле Хай Шон 
702 1 |a Карелин  |b В. А.  |c химик  |c профессор Томского политехнического университета, доктор технических наук  |f 1960-2024  |g Владимир Александрович  |y Томск  |3 (RuTPU)RU\TPU\pers\30229  |4 727  |9 14609 
712 0 2 |a Национальный исследовательский Томский политехнический университет  |b Инженерная школа ядерных технологий  |b Отделение ядерно-топливного цикла  |3 (RuTPU)RU\TPU\col\23554 
801 2 |a RU  |b 63413507  |c 20230403  |g RCR 
856 4 |u http://earchive.tpu.ru/handle/11683/74202 
942 |c CF